MINES CRECHE RULES 1966 (ACT NO.35 OF 1952) (Record no. 9086)

MARC details
000 -LEADER
fixed length control field 00335nam a22001337a 4500
005 - DATE AND TIME OF LATEST TRANSACTION
control field 20260311165714.0
008 - FIXED-LENGTH DATA ELEMENTS--GENERAL INFORMATION
fixed length control field 260311b |||||||| |||| 00| 0 eng d
041 ## - LANGUAGE CODE
Language code of text/sound track or separate title eng
082 ## - DEWEY DECIMAL CLASSIFICATION NUMBER
Classification number 344.54046
245 ## - TITLE STATEMENT
Title MINES CRECHE RULES 1966 (ACT NO.35 OF 1952)
260 ## - PUBLICATION, DISTRIBUTION, ETC. (IMPRINT)
Place of publication DHANBAD
Name of publisher LOVELY PRAKASHAN
Year of publication 2025
650 ## - SUBJECT ADDED ENTRY--TOPICAL TERM
Topical Term MINING
942 ## - ADDED ENTRY ELEMENTS (KOHA)
Koha item type Books
Holdings
Lost status Damaged status Collection code Home library Current library Shelving location Date acquired Source of acquisition Cost, normal purchase price Serial Enumeration / chronology Full call number Accession Number Koha item type
    MINING JRU Library JRU Library NEW ARRIVAL SHELF 09/03/2026 PURCHASE 50.00 LBI/000884. DATE-06/03/2026 344.54046 29376 Books
    MINING JRU Library JRU Library NEW ARRIVAL SHELF 09/03/2026 PURCHASE 50.00 LBI/000884. DATE-06/03/2026 344.54046 29377 Books